Lego Batman 3 All Characters - Statistics

General Stats
  • This quiz has been taken 51 times
  • The average score is 48 of 159
Answer Stats
Character % Correct
Batman
100%
The Joker
92%
Robin
89%
Superman
84%
Wonder Woman
82%
The Flash
79%
Catwoman
76%
Cyborg
76%
Green Lantern
76%
Batgirl
74%
Cheetah
74%
Lex Luthor
74%
The Penguin
74%
Sinestro
71%
Alfred
66%
Firefly
66%
Aquaman
63%
Bane
63%
Brainiac
63%
Deathstroke
63%
Harley Quinn
63%
Killer Croc
63%
Martian Manhunter
63%
Mr. Freeze
63%
Supergirl
63%
Solomon Grundy
61%
The Riddler
61%
Green Arrow
58%
Nightwing
58%
Poison Ivy
58%
Atrocitus
55%
Deadshot
55%
Red Hood
55%
Black Manta
53%
Starfire
53%
Beast Boy
50%
Captain Cold
50%
Batwoman
47%
Killer Moth
47%
Larfleeze
47%
Raven
47%
Reverse Flash
47%
Man-Bat
45%
Star Sapphire
45%
Swamp Thing
45%
Black Canary
42%
Plastic Man
42%
Shazam
42%
The Atom
42%
Blue Beetle
39%
Doctor Fate
39%
Gorilla Grodd
39%
Hawkgirl
39%
Hawkman
39%
Kid Flash
39%
Mad Hatter
39%
Superboy
39%
Adam West
37%
Black Adam
34%
Booster Gold
34%
Doomsday
34%
Firestorm
34%
Hush
34%
Krypto
34%
Power Girl
34%
Condiment King
32%
Indigo-1
32%
Wonder Girl
32%
Ace the Bat-Hound
29%
John Stewart
29%
Bat-Mite
26%
Bruce Wayne
26%
Saint Walker
26%
Terra
26%
Zatanna
26%
Dex-Starr
24%
Giganta
24%
Miss Martian
24%
Heat Wave
21%
Kilowog
21%
Lobo
21%
Red Tornado
21%
The Question
21%
Arkillo
18%
Bat-Cow
18%
Bleez
18%
Bronze Tiger
18%
Metallo
18%
Orion
18%
Polka-Dot Man
18%
Tim Drake
18%
Toyman
18%
Detective Chimp
16%
Green Loontern
16%
Killer Frost
16%
Mera
16%
Trickster
16%
Ultra-Humanite
16%
Batman 1966
13%
Black Hand
13%
Cheshire
13%
Cyborg Superman
13%
Etrigan
13%
Frankenstein
13%
Manchester Black
13%
Parasite
13%
Robin 1966
13%
The Joker 1966
13%
The Penguin 1966
13%
The Riddler 1966
13%
The Spoiler
13%
Vixen
13%
White Lantern
13%
Catwoman 1966
11%
Composite Superman
11%
Grayson
11%
Jim Lee
11%
Kevin Smith
11%
Music Meister
11%
Stargirl
11%
Vibe
11%
Alfred 1966
8%
Ambush Bug
8%
Geoff Johns
8%
Lexbot
8%
Mr. Mxyzptlk
8%
Red Lantern Warrior
8%
The Gray Ghost
8%
Zamaron Warrior
8%
Batman Joker Disguise
5%
Batman Zur-En-Arrh
5%
Brainiac Minion
5%
Cheetah Robin Disguise
5%
Croc Henchman
5%
Kalibak
5%
Lex Luthor Hawkman Disguise
5%
Lex Luthor Wonder Woman Disguise
5%
Plastique
5%
Platinum
5%
Robin Lex Luthor Disguise
5%
Sinestro Corps Warrior
5%
Superman Solar Suit
5%
The Joker Batman Disguise
5%
Thunderer
5%
Wonder Woman Cheetah Disguise
5%
Batgirl 1966
3%
Batman Darkest Knight
3%
Catwoman Pre-52
3%
Indigo Tribe Warrior
3%
Joker Clown Henchman
3%
Joker Mime Henchman
3%
Joker Space Henchman
3%
Orange Construct Warrior
3%
Rainbow Batman
3%
Rainbow Raider
3%
Reach Warrior
3%
Supergirl Classic
3%
Swamp Thing New 52
3%
The Fierce Flame
3%
No matching quizzes found
Score Distribution
Percent of People with Each Score
Percentile by Number Answered
Your Score History
You have not taken this quiz